Mi patria chica (Record no. 235)

MARC details
000 -CABECERA
campo de control de longitud fija 00842nam a2200205 a 4500
001 - NÚMERO DE CONTROL
campo de control BRCA_291
005 - FECHA Y HORA DE LA ÚLTIMA TRANSACCIÓN
campo de control 20190320202940.0
008 - DATOS DE LONGITUD FIJA--INFORMACIÓN GENERAL
campo de control de longitud fija 910903r19901910mx-a---###---s000-0#spa-#
040 ## - FUENTE DE LA CATALOGACIÓN
Centro catalogador/agencia de origen DLC
Centro/agencia transcriptor DLC
050 #4 - SIGNATURA TOPOGRÁFICA DE LA BIBLIOTECA DEL CONGRESO
Número de clasificación F1391.P8
Número de documento/Ítem .C37 1990
100 1# - ENTRADA PRINCIPAL--NOMBRE DE PERSONA
Nombre de persona Casarrubias Ibarra, Luis
9 (RLIN) 976
245 10 - MENCIÓN DE TÍTULO
Título Mi patria chica
Resto del título curso elemental de geografía del Esatdo de Puebla : texto, cartas, grabados
Mención de responsabilidad, etc. por el profesor Luis Casarrubias Ibarra.
260 ## - PUBLICACIÓN, DISTRIBUCIÓN, ETC.
Lugar de publicación, distribución, etc. Puebla
Nombre del editor, distribuidor, etc. Gobierno del Estado, Secretaría de Cultura
Fecha de publicación, distribución, etc. 1990
300 ## - DESCRIPCIÓN FÍSICA
Extensión 69 p.
Otras características físicas il. (algunas a color), mapas
Dimensiones 28 cm.
500 ## - NOTA GENERAL
Nota general Facsímil de: Paris : Librería de la Vda. de C. Bouret, 1910
500 ## - NOTA GENERAL
Nota general Apéndices: división política. Extensiones. Población. Densidades
651 #4 - PUNTO DE ACCESO ADICIONAL DE MATERIA--NOMBRE GEOGRÁFICO
Nombre geográfico Puebla (Estado)
Subdivisión general Descripción y viajes
9 (RLIN) 977
651 #4 - PUNTO DE ACCESO ADICIONAL DE MATERIA--NOMBRE GEOGRÁFICO
Nombre geográfico Puebla (Estado)
Subdivisión general Geografía
9 (RLIN) 978
942 ## - ELEMENTOS DE PUNTO DE ACCESO ADICIONAL (KOHA)
Fuente del sistema de clasificación o colocación Library of Congress Classification
Tipo de ítem Koha Libros
Holdings
Estado de retiro Estado de pérdida Estado dañado No para préstamo Localización permanente Ubicación/localización actual Fecha de adquisición Total de préstamos Signatura topográfica completa Código de barras Fecha visto por última vez Precio válido a partir de Tipo de ítem Koha
El ejemplar forma parte de la colección y puede ser consultado según las políticas vigentes.       Biblioteca del Museo Franz Mayer (Rogerio Casas-Alatriste) Biblioteca del Museo Franz Mayer (Rogerio Casas-Alatriste) 25/06/2008   F1391.P8 .C37 1990 00345 22/03/2019 22/03/2019 Libros